000 00355nam a2200145Ia 4500
005 20251222141831.0
008 251222s9999||||xx |||||||||||||| ||spa||
020 _a970-15-0731-2
082 _a657.453/P52
100 _aPiattini, Mario G.Peso, Emilio del
245 0 _aAuditoría Informática:
250 _a2a.ed.
264 _bAlfaomega
942 _cLIB
999 _c7110
_d7110